Airbus - Hard - Statistics

General Stats
  • This quiz has been taken 58 times
  • The average score is 12 of 15
Answer Stats
Hint Answer % Correct
Which Airbus model was the first to use the fly-by-wire system? A320
100%
Which Airbus family is the best-selling? A320
100%
Which Airbus aircraft is the largest passenger airliner ever built? A380
100%
Which Airbus aircraft is mainly made of carbon-fiber composite? A350
98%
Which Airbus aircraft replaced the A340 in long-haul operations? A350
98%
Which Airbus jet is also known as the “Baby Bus”? A318
95%
Which Airbus widebody is assembled in both Toulouse and Hamburg? A330
93%
Which Airbus model was discontinued in 2011 due to poor sales? A340
93%
Which Airbus program did Bombardier originally create before Airbus bought it? A220
91%
Which Airbus aircraft was the company’s first commercial model? A300
82%
Which country led the original Airbus consortium besides France? Germany
75%
Where was the final assembly line of the Airbus A380 located? Toulouse
61%
In which country are the wings of most Airbus aircraft manufactured? UK
50%
Which Airbus aircraft has the famous “sharklet” wing tip design first introduced widely? A320neo
43%
Which Airbus aircraft has the longest range? A350-1000
41%
No matching quizzes found
Score Distribution
Percent of People with Each Score
Percentile by Number Answered
Your Score History
You have not taken this quiz